[Event "Titled Tue 24th Jun Late"]
[Site "chess.com INT"]
[Date "2025.06.24"]
[Round "11"]
[White "Mammadov, Sadig"]
[Black "Klukin, Kirill"]
[Result "0-1"]
[WhiteTitle "IM"]
[BlackTitle "IM"]
[WhiteElo "2395"]
[BlackElo "2401"]
[WhiteFideId "13408712"]
[BlackFideId "24199273"]
[EventDate "2025.06.24"]

1. Nf3 c5 2. b3 Nf6 3. Bb2 e6 4. e3 b6 5. c4 Bb7 6. Be2 Be7 7. O-O O-O 8. d3 d5
9. Nbd2 Nc6 10. Rc1 Rc8 11. a3 Qc7 12. Qc2 Rfd8 13. Qb1 Qb8 14. Qa1 Qa8 15. Rfd1
Na5 16. Bc3 Nc6 17. Bb2 a6 18. Ne5 Ne8 19. Bf3 Bf6 20. cxd5 Nxe5 21. Bxe5 Bxd5
22. e4 Bc6 23. Nc4 Qa7 24. d4 b5 25. Na5 Bxe5 26. dxe5 Ba8 27. Qc3 Qc7 28. h4 f6
29. Bg4 Kf7 30. Rxd8 Qxd8 31. Rd1 Qc7 32. Qh3 Rd8 33. Rxd8 Qxd8 34. Bxe6+ Ke7
35. b4 Bxe4 36. Bf5 cxb4 37. Bxe4 Qxa5 38. axb4 Qa1+ 39. Kh2 Qxe5+ 40. Qg3 Qxe4 0-1

[Event "Titled Tue 24th Jun Late"]
[Site "chess.com INT"]
[Date "2025.06.24"]
[Round "11"]
[White "Naroditsky, Daniel"]
[Black "Svane, Rasmus"]
[Result "1-0"]
[WhiteTitle "GM"]
[BlackTitle "GM"]
[WhiteElo "2619"]
[BlackElo "2626"]
[WhiteFideId "2026961"]
[BlackFideId "4657101"]
[EventDate "2025.06.24"]

1. c4 e6 2. Nc3 d5 3. d4 a6 4. e4 dxe4 5. Nxe4 Bb4+ 6. Nc3 Nf6 7. Nf3 O-O 8. Bd3
b6 9. a3 Bxc3+ 10. bxc3 Bb7 11. O-O Nbd7 12. Bg5 c5 13. Re1 Qc7 14. Ne5 cxd4 15.
cxd4 Nxe5 16. Rxe5 Rfd8 17. Bxf6 gxf6 18. Qg4+ Kf8 19. Rh5 f5 20. Qg5 Rxd4 21.
Rxh7 Qe5 22. Bf1 Rg4 23. Qh6+ Ke7 24. Rd1 Rag8 25. g3 Qe4 26. f3 Qxf3 27. Rxf7+
Kxf7 28. Rd7+ Ke8 29. Qxe6+ 1-0

[Event "Titled Tue 24th Jun Late"]
[Site "chess.com INT"]
[Date "2025.06.24"]
[Round "11"]
[White "Ferraz, Michel Liah"]
[Black "Kourousis, Epameinondas"]
[Result "0-1"]
[BlackTitle "IM"]
[WhiteElo "2007"]
[BlackElo "2342"]
[WhiteFideId "22743219"]
[BlackFideId "4211626"]
[EventDate "2025.06.24"]

1. d4 Nf6 2. c4 g6 3. Nc3 Bg7 4. Nf3 O-O 5. Bg5 c5 6. d5 d6 7. Qc2 a6 8. a4 e6
9. e3 h6 10. Bh4 exd5 11. cxd5 Bf5 12. Bd3 Bxd3 13. Qxd3 Nbd7 14. O-O Qe7 15. e4
g5 16. Bg3 Nh5 17. Rfe1 Nxg3 18. hxg3 Ne5 19. Nxe5 Bxe5 20. a5 g4 21. Qe2 Qg5
22. Nd1 f5 23. exf5 Rae8 24. Ne3 h5 25. Ra4 Bd4 26. Qd1 Bxe3 27. fxe3 Rxe3 28.
Rf4 Rxg3 29. Qd2 Rd3 30. Qxd3 Qxf4 31. Rf1 Qd4+ 32. Qxd4 cxd4 33. Rf4 d3 34. Kf2
Kf7 35. Ke3 Kf6 36. g3 Ke5 37. Kxd3 Rxf5 38. Rb4 Rf3+ 39. Ke2 Rxg3 40. Rxb7 h4
41. Kf2 Rf3+ 42. Kg2 h3+ 43. Kh2 Rf2+ 44. Kg1 g3 45. Rg7 h2+ 46. Kh1 Rf1+ 47.
Kg2 h1=Q+ 48. Kxg3 Rf3+ 49. Kg4 Qh3+ 50. Kg5 Rf5+ 51. Kg6 Qh5# 0-1

[Event "Titled Tue 24th Jun Late"]
[Site "chess.com INT"]
[Date "2025.06.24"]
[Round "11"]
[White "Montano Vicente, Guadalupe"]
[Black "Suarez, Sebastian"]
[Result "0-1"]
[WhiteElo "1938"]
[BlackElo "2161"]
[WhiteFideId "5181399"]
[BlackFideId "30979080"]
[EventDate "2025.06.24"]

1. d4 Nf6 2. c4 c5 3. d5 d6 4. Nc3 g6 5. e4 Bg7 6. Bd3 O-O 7. Nf3 Nbd7 8. O-O
Ne8 9. Qc2 Nc7 10. Bf4 a6 11. a4 Rb8 12. a5 b5 13. axb6 Rxb6 14. Ra2 e5 15. dxe6
fxe6 16. Bg3 Ne5 17. Nxe5 Bxe5 18. Ne2 Bxg3 19. Nxg3 e5 20. Ne2 Bg4 21. Nc3 Bd7
22. Nd5 Nxd5 23. exd5 Kg7 24. Qc3 Qf6 25. h3 Qg5 26. Be4 Rfb8 27. Rfa1 Bc8 28.
Kh2 Qf4+ 29. Qg3 Qxe4 0-1

[Event "Titled Tue 24th Jun Late"]
[Site "chess.com INT"]
[Date "2025.06.24"]
[Round "11"]
[White "Vaganian, Rafael A"]
[Black "Khanbutaev, Artemii"]
[Result "1/2-1/2"]
[WhiteTitle "GM"]
[WhiteElo "2449"]
[BlackElo "2139"]
[WhiteFideId "13300016"]
[BlackFideId "55747175"]
[EventDate "2025.06.24"]

1. d4 Nf6 2. Bg5 e6 3. e4 h6 4. Bxf6 Qxf6 5. Nc3 d6 6. Qd2 e5 7. Nd5 Qd8 8. f4
c6 9. Nc3 exf4 10. Qxf4 Be7 11. Nf3 O-O 12. h4 d5 13. exd5 cxd5 14. O-O-O Nc6
15. Bd3 Bf6 16. Bf5 Be6 17. g4 Bxf5 18. Qxf5 Ne7 19. Qf4 Ng6 20. Qf5 Nxh4 21.
Nxh4 Bxh4 22. Nxd5 Qg5+ 23. Kb1 Rad8 24. c4 b5 25. b3 bxc4 26. bxc4 Rfe8 27.
Qxg5 Bxg5 28. Kc2 Re2+ 29. Kd3 Rxa2 30. Ra1 Rd2+ 31. Kc3 Rd7 32. Rhd1 Rg2 33.
Rg1 Rf2 34. Raf1 Ra2 35. Ra1 Rf2 36. Rgf1 Rg2 37. Rg1 Rf2 1/2-1/2

[Event "Titled Tue 24th Jun Late"]
[Site "chess.com INT"]
[Date "2025.06.24"]
[Round "11"]
[White "Shymanskyi, Oleksandr"]
[Black "Pereyra, Horacio"]
[Result "1-0"]
[WhiteTitle "FM"]
[WhiteElo "2218"]
[BlackElo "2133"]
[WhiteFideId "14168880"]
[BlackFideId "113700"]
[EventDate "2025.06.24"]

1. b3 d6 2. Bb2 e5 3. e3 Nc6 4. Bb5 Bd7 5. Nf3 Nge7 6. d4 exd4 7. Nxd4 Nxd4 8.
Bxd7+ Qxd7 9. Qxd4 Nf5 10. Qe4+ Be7 11. Qxb7 Rd8 12. Nd2 O-O 13. O-O d5 14. Nf3
Bd6 15. Rad1 Ne7 16. e4 Rb8 17. Qxa7 dxe4 18. Ng5 Qg4 19. Bc1 Rb5 20. Rxd6 Nc8
21. Qxc7 Nxd6 22. Qxd6 h6 23. Nh3 Rf5 24. Qg3 Qe2 25. Bxh6 g6 26. Bxf8 Kxf8 27.
Qd6+ Kg7 28. Qd4+ f6 29. Qd1 Qa6 30. a4 g5 31. g3 Qe6 32. Qg4 Qd5 33. Nf4 Qa5
34. Rd1 Kf7 35. Qh5+ Ke7 36. Qh7+ Ke8 37. Qg6+ Ke7 38. Qg7+ Ke8 39. Ng6 Qc5 40.
Qg8+ Qf8 41. Qxf8# 1-0

[Event "Titled Tue 24th Jun Late"]
[Site "chess.com INT"]
[Date "2025.06.24"]
[Round "11"]
[White "Unver, Cumayi"]
[Black "Reprintsev, Alexander"]
[Result "0-1"]
[BlackTitle "IM"]
[WhiteElo "2012"]
[BlackElo "2256"]
[WhiteFideId "6304940"]
[BlackFideId "14100541"]
[EventDate "2025.06.24"]

1. c3 f5 2. d4 Nf6 3. Nf3 d6 4. Bf4 h6 5. h4 g6 6. e3 Bg7 7. c4 O-O 8. Nc3 c6 9.
d5 e5 10. dxe6 Bxe6 11. Qxd6 Qxd6 12. Bxd6 Rd8 13. Be5 Nbd7 14. Bd6 Nb6 15. c5
Nc4 16. Bxc4 Bxc4 17. Ne5 Ba6 18. Nxg6 Ne4 19. Ne7+ Kh7 20. Nxf5 Bxc3+ 21. bxc3
b6 22. f3 Nxc3 23. g4 bxc5 24. Bxc5 Rab8 25. Rh2 Na4 26. Bxa7 Rb4 27. Bd4 c5 28.
Bf6 Rf8 29. g5 Bd3 30. e4 c4 31. Rg2 hxg5 32. hxg5 Kg6 33. Rh2 c3 34. Rc1 Rxf6
35. gxf6 Kxf6 36. Ne3 Rb2 37. Rh6+ Kg5 38. Rc6 Re2+ 39. Kd1 Nb2# 0-1

[Event "Titled Tue 24th Jun Late"]
[Site "chess.com INT"]
[Date "2025.06.24"]
[Round "11"]
[White "Sobek, Jaroslav"]
[Black "Nersisyan, Garnik"]
[Result "1/2-1/2"]
[WhiteTitle "FM"]
[BlackTitle "CM"]
[WhiteElo "2195"]
[BlackElo "2035"]
[WhiteFideId "301388"]
[BlackFideId "13300741"]
[EventDate "2025.06.24"]

1. d4 e6 2. c4 d5 3. Nc3 Nf6 4. Bg5 Bb4 5. Qa4+ Nc6 6. e3 Bd7 7. Qc2 h6 8. Bh4
O-O 9. Bd3 dxc4 10. Bxc4 Ne7 11. Bd3 Ned5 12. Ne2 Be7 13. O-O Nb4 14. Qd1 Nxd3
15. Qxd3 Nd5 16. Bg3 c6 17. e4 Nxc3 18. bxc3 b6 19. Rad1 Be8 20. c4 c5 21. d5
exd5 22. exd5 Bd6 23. Bxd6 Qxd6 24. Ng3 Bd7 25. Rfe1 Rfe8 26. Nf5 Bxf5 27. Qxf5
a6 28. a4 Rab8 29. g3 Rbd8 30. h4 g6 31. Qc2 Rxe1+ 32. Rxe1 b5 33. axb5 axb5 34.
cxb5 Qxd5 35. b6 Rb8 36. Rb1 Rb7 37. Rb5 Qd6 38. Rxc5 Rxb6 39. Rc8+ Kg7 40. Qc3+
Qf6 41. Qxf6+ Rxf6 42. Kg2 h5 43. Rc5 Re6 44. Kf3 Kf6 45. Ra5 Rb6 46. Rc5 Rb3+
47. Kg2 Rb6 48. Ra5 Kg7 49. Rc5 Rd6 50. Ra5 Rb6 51. Rc5 Rd6 52. Ra5 Rb6 1/2-1/2

[Event "Titled Tue 24th Jun Late"]
[Site "chess.com INT"]
[Date "2025.06.24"]
[Round "11"]
[White "Fiorito, Fabian"]
[Black "Bogaudinov, Rushan"]
[Result "0-1"]
[WhiteTitle "IM"]
[BlackTitle "FM"]
[WhiteElo "2274"]
[BlackElo "1912"]
[WhiteFideId "100200"]
[BlackFideId "4129288"]
[EventDate "2025.06.24"]

1. d4 Nf6 2. c4 g6 3. Nc3 Bg7 4. e4 d6 5. Nge2 O-O 6. Ng3 a6 7. Be2 c6 8. O-O b5
9. a3 bxc4 10. Bxc4 d5 11. exd5 cxd5 12. Be2 a5 13. Be3 Nbd7 14. Rc1 Nb6 15. Qd2
Ba6 16. Bxa6 Rxa6 17. Qe2 Ra8 18. Qb5 Qb8 19. Rfe1 Nc4 20. Qxb8 Rfxb8 21. Nxd5
Nxd5 22. Rxc4 Rxb2 23. Bg5 Ra2 24. a4 e6 25. h3 Nb4 26. Rec1 h6 27. Be7 Rxa4 28.
Ne4 g5 29. f4 gxf4 30. h4 f5 31. Nc5 Kf7 32. Nxa4 Kxe7 33. Rc7+ Kf6 34. Nb6 Rd8
35. Nd7+ Kg6 36. Ne5+ Bxe5 37. d5 Rxd5 38. h5+ Kxh5 39. Re7 Bd4+ 40. Kh2 e5 41.
Kh3 Bf2 42. Re6 Rd3+ 43. Kh2 Bg3+ 44. Kh1 e4 45. Re5 Kg4 46. Re8 f3 47. Rg8+ Kf4
48. gxf3 Rxf3 0-1

[Event "Titled Tue 24th Jun Late"]
[Site "chess.com INT"]
[Date "2025.06.24"]
[Round "11"]
[White "Goryachkina, Aleksandra"]
[Black "Dyachuk, Artem"]
[Result "1-0"]
[WhiteTitle "GM"]
[BlackTitle "FM"]
[WhiteElo "2533"]
[BlackElo "2374"]
[WhiteFideId "4147103"]
[BlackFideId "34107924"]
[EventDate "2025.06.24"]

1. e4 e5 2. Nf3 Nc6 3. Bb5 a6 4. Ba4 Bc5 5. c3 Nge7 6. d4 exd4 7. cxd4 Bb4+ 8.
Bd2 Bxd2+ 9. Qxd2 d5 10. exd5 Qxd5 11. Nc3 Qe6+ 12. Ne5 O-O 13. O-O-O Nxe5 14.
Rhe1 Nd3+ 15. Qxd3 Qh6+ 16. Qd2 Qf6 17. Ne4 Qb6 18. Nc5 Ng6 19. h4 Nxh4 20. Bc2
Ng6 21. Re3 Qd6 22. g3 b6 23. Ne4 Qd8 24. Nc3 Bb7 25. f4 Qd6 26. d5 Rad8 27.
Rde1 b5 28. f5 Nh8 29. Ne4 Qxd5 30. Rd3 Qxd3 31. Bxd3 Rd4 32. Qg5 f6 33. Qe3
Rfd8 34. Bc2 Nf7 35. Nc5 Bc8 36. Qe8+ 1-0

[Event "Titled Tue 24th Jun Late"]
[Site "chess.com INT"]
[Date "2025.06.24"]
[Round "11"]
[White "Jakovljevic, Dejan"]
[Black "Li, Yilin"]
[Result "0-1"]
[WhiteTitle "CM"]
[BlackTitle "WFM"]
[WhiteElo "1956"]
[BlackElo "1922"]
[WhiteFideId "949418"]
[BlackFideId "8610410"]
[EventDate "2025.06.24"]

1. e4 c5 2. c3 d5 3. exd5 Qxd5 4. Nf3 e6 5. Na3 a6 6. d4 Nf6 7. Bc4 Qd8 8. O-O
cxd4 9. Nxd4 Bxa3 10. bxa3 O-O 11. a4 e5 12. Nf3 Qxd1 13. Rxd1 Bg4 14. Ba3 Rc8
15. Nxe5 Bxd1 16. Bxf7+ Kh8 17. Rxd1 Nc6 18. Nf3 Rd8 19. Rb1 Ne4 20. h3 b5 21.
Re1 Nxc3 22. Ng5 h6 23. Ne6 Rd1 24. Rxd1 Nxd1 25. Nc7 Ra7 26. Bb3 Rxc7 27. Bxd1
b4 28. Bb2 Na5 29. Kf1 Nc4 30. Bc1 Ne5 31. Bd2 Rd7 32. Ke2 a5 33. Bb3 Nd3 34.
Be3 Rd6 35. Bc4 Ne5 36. Bb3 Rc6 37. Bf4 Nc4 38. Kf3 g5 0-1

[Event "Titled Tue 24th Jun Late"]
[Site "chess.com INT"]
[Date "2025.06.24"]
[Round "11"]
[White "Atoyan, Alberto"]
[Black "Deng, Henry"]
[Result "0-1"]
[WhiteTitle "CM"]
[BlackTitle "FM"]
[WhiteElo "2266"]
[BlackElo "2327"]
[WhiteFideId "13314831"]
[BlackFideId "30965454"]
[EventDate "2025.06.24"]

1. e4 c5 2. Nf3 e6 3. g3 d5 4. exd5 exd5 5. Bg2 Qe7+ 6. Qe2 Qxe2+ 7. Kxe2 Nc6 8.
Re1 Nf6 9. Kf1+ Be7 10. d4 cxd4 11. Nbd2 O-O 12. Nb3 d3 13. cxd3 Bf5 14. d4 Rfe8
15. a3 Bc2 16. Nbd2 Bd6 17. b4 a5 18. b5 Bd3+ 19. Kg1 Bxb5 20. Bb2 Bd3 21. Ne5
Bf5 22. Rac1 Ne7 23. Nb3 b6 24. a4 Rec8 25. h3 Bc2 26. Re3 Nf5 27. Rf3 Bb4 28.
g4 Nh4 29. Rg3 Nxg2 30. Kxg2 Ne4 31. Rf3 f6 32. Nd7 Bxb3 33. Rxb3 Rxc1 34. Bxc1
Rc8 35. Bf4 Rc2 36. Be3 Rc6 37. Nb8 Rc3 38. Rb2 Kf7 39. Nd7 Rc6 40. Nb8 Rc7 41.
Na6 Rc4 42. f3 Nc3 43. Nxb4 Rxb4 44. Rxb4 axb4 45. Bd2 Na2 46. Kf2 b3 0-1

[Event "Titled Tue 24th Jun Late"]
[Site "chess.com INT"]
[Date "2025.06.24"]
[Round "11"]
[White "Karas, Marek"]
[Black "Kolimar, Kristof Pal"]
[Result "1-0"]
[WhiteTitle "FM"]
[BlackTitle "FM"]
[WhiteElo "2215"]
[BlackElo "2368"]
[WhiteFideId "14928558"]
[BlackFideId "798410"]
[EventDate "2025.06.24"]

1. d4 d5 2. Nf3 Nf6 3. c4 e6 4. Nc3 dxc4 5. e4 b5 6. e5 Nd5 7. Nxb5 Nb6 8. Be2
Nc6 9. O-O Be7 10. Qd2 Bb7 11. Qf4 Qd7 12. Be3 O-O-O 13. b3 g5 14. Qg3 a6 15.
Nc3 cxb3 16. axb3 Nb4 17. Rfc1 h5 18. Bxg5 Rdg8 19. h4 Rg6 20. Qf4 Bxf3 21. Bxf3
Bxg5 22. hxg5 Nd3 23. Qe4 Nxc1 24. Qb7+ Kd8 25. Rxc1 Qc8 26. Qc6 Qd7 27. Qc5 Qe7
28. Ne4 Qxc5 29. Rxc5 Kd7 30. Ra5 Rb8 31. Bxh5 Rg7 32. Rxa6 Nd5 33. Be2 Rxb3 34.
Nc5+ 1-0

[Event "Titled Tue 24th Jun Late"]
[Site "chess.com INT"]
[Date "2025.06.24"]
[Round "11"]
[White "Kharitonov, Sergei"]
[Black "Thake, Conrad"]
[Result "0-1"]
[WhiteTitle "CM"]
[BlackTitle "CM"]
[WhiteElo "2014"]
[BlackElo "1873"]
[WhiteFideId "4129750"]
[BlackFideId "5602947"]
[EventDate "2025.06.24"]

1. e4 c5 2. Nf3 Nc6 3. Bb5 d6 4. a4 a6 5. Bc4 e6 6. c3 Be7 7. O-O Rb8 8. d4 cxd4
9. Nxd4 Nf6 10. Re1 O-O 11. Na3 Bd7 12. Nac2 Nxd4 13. Nxd4 Qc7 14. Qe2 Bc6 15.
f3 d5 16. exd5 Nxd5 17. Bb3 Bd6 18. g3 h5 19. f4 h4 20. Bc2 h3 21. Nxc6 Qxc6 22.
Be4 Bc5+ 23. Kh1 Qb6 24. Qh5 f5 25. Bxd5 exd5 26. b4 Bf2 27. Re2 Rbd8 28. Raa2
Bg1 29. Re1 Bf2 30. Rf1 Be3 0-1

[Event "Titled Tue 24th Jun Late"]
[Site "chess.com INT"]
[Date "2025.06.24"]
[Round "11"]
[White "Guha, Eshan"]
[Black "Eswaran, Ashritha"]
[Result "0-1"]
[BlackTitle "FM"]
[WhiteElo "2071"]
[BlackElo "2236"]
[WhiteFideId "30958628"]
[BlackFideId "2080788"]
[EventDate "2025.06.24"]

1. Nf3 d5 2. e3 Nc6 3. d4 Bf5 4. a3 e6 5. c4 h6 6. Nc3 Nf6 7. cxd5 exd5 8. Qb3
Rb8 9. Bb5 Be7 10. Qa4 O-O 11. Bxc6 bxc6 12. Ne5 Bd7 13. Nxc6 Qe8 14. Nxe7+ Qxe7
15. Qxa7 Qd6 16. Qc5 Rb3 17. Qxd6 cxd6 18. a4 Ra8 19. O-O Ne4 20. Nxd5 Rxa4 21.
Rxa4 Bxa4 22. f3 Ng5 23. Nc3 Bd7 24. d5 f5 25. e4 Nf7 26. exf5 Bxf5 27. f4 Kf8
28. Re1 Nd8 29. h3 Nb7 30. g4 Bd3 31. Kf2 Nc5 32. Ke3 Rb4 33. Rd1 Bc2 34. Rd2
Bb3 35. Rd4 Rb8 36. f5 Bc2 37. Kf3 Nb3 38. Rd2 Nxd2+ 39. Bxd2 Rxb2 40. Bf4 Rb3
41. Bxd6+ Kf7 42. Be5 Bd3 43. Kf4 Bc4 44. h4 Rb4 45. Kg3 Bd3 0-1

[Event "Titled Tue 24th Jun Late"]
[Site "chess.com INT"]
[Date "2025.06.24"]
[Round "11"]
[White "Rodgers, Jack"]
[Black "Amburgy, Ryan"]
[Result "1-0"]
[WhiteTitle "FM"]
[BlackTitle "FM"]
[WhiteElo "2183"]
[BlackElo "2332"]
[WhiteFideId "3220885"]
[BlackFideId "30924820"]
[EventDate "2025.06.24"]

1. d4 Nf6 2. Bg5 Ne4 3. h4 c5 4. dxc5 d5 5. Nd2 Nxc5 6. Ngf3 Nc6 7. h5 Bf5 8. e3
f6 9. Bh4 e6 10. Nd4 Nxd4 11. exd4 Nd7 12. g4 g5 13. Bg3 Qe7 14. gxf5 exf5+ 15.
Qe2 f4 16. Bh2 Kf7 17. Qxe7+ Bxe7 18. Bd3 Nb6 19. O-O-O Bd6 20. Rde1 Rae8 21.
Rxe8 Kxe8 22. Re1+ Kf7 23. Bf5 Kg7 24. f3 Rd8 25. Bg1 Kh6 26. Bg4 Kg7 27. Bf2
Na8 28. Bf5 Nc7 29. Rh1 h6 30. Re1 b6 31. Re2 a5 32. Be1 Kf8 33. Nf1 Ne8 34. Nh2
Ng7 35. Bg6 f5 36. a3 Rd7 37. b4 a4 38. Kb2 Re7 39. Rxe7 Kxe7 40. b5 Kf6 41. Bb4
Bc7 42. Bf8 Ne6 43. Bxh6 Nxd4 44. Bf8 Be5 45. Kb1 Ne2 46. Be8 Ng1 47. h6 g4 48.
Bg7+ Ke6 49. Bxe5 Nxf3 50. Nxf3 gxf3 51. Bd4 1-0

[Event "Titled Tue 24th Jun Late"]
[Site "chess.com INT"]
[Date "2025.06.24"]
[Round "11"]
[White "Cornelisse, Lorelei"]
[Black "Cernov, Henrik"]
[Result "0-1"]
[WhiteTitle "WFM"]
[BlackTitle "FM"]
[WhiteElo "2138"]
[BlackElo "2325"]
[WhiteFideId "1087177"]
[BlackFideId "16258312"]
[EventDate "2025.06.24"]

1. d4 Nf6 2. Nc3 d5 3. Bf4 e6 4. Nb5 Bb4+ 5. c3 Ba5 6. a4 a6 7. b4 Bxb4 8. cxb4
axb5 9. axb5 Rxa1 10. Qxa1 Nh5 11. Bg3 Qe7 12. Qc3 Nxg3 13. hxg3 Nd7 14. e3 Nf6
15. Bd3 O-O 16. Nf3 h6 17. Ne5 Bd7 18. O-O c6 19. Ra1 Rc8 20. bxc6 Bxc6 21. Ra7
Qe8 22. Qb2 Bb5 23. Rxb7 Bxd3 24. Nxd3 Qa4 25. Qb1 Qa3 26. Nc5 Ne4 27. Qf1 Nd2
28. Qd1 Qa2 29. b5 Nc4 30. Qf3 Rf8 31. Nd7 Nd6 0-1

[Event "Titled Tue 24th Jun Late"]
[Site "chess.com INT"]
[Date "2025.06.24"]
[Round "11"]
[White "Kobo, Ori"]
[Black "Rustemov, Alexander"]
[Result "0-1"]
[WhiteTitle "GM"]
[BlackTitle "GM"]
[WhiteElo "2493"]
[BlackElo "2525"]
[WhiteFideId "2812320"]
[BlackFideId "4119002"]
[EventDate "2025.06.24"]

1. c4 c5 2. Nc3 g6 3. g3 Bg7 4. Bg2 Nc6 5. Rb1 b6 6. d3 Bb7 7. Qd2 Nf6 8. a3 a5
9. b3 O-O 10. e3 e6 11. Nge2 d5 12. cxd5 exd5 13. O-O Rb8 14. Nb5 Ba6 15. Nbc3
Qd7 16. Bb2 d4 17. exd4 Nxd4 18. Nxd4 cxd4 19. Ne4 Nd5 20. Rbc1 Rfc8 21. Rfe1
Nc3 22. Nxc3 dxc3 23. Bxc3 Qxd3 24. Qxd3 Bxd3 25. Bxg7 Kxg7 26. Bf1 Bf5 27. b4
axb4 28. axb4 Rxc1 29. Rxc1 Rd8 30. h3 h5 31. f3 Rd2 32. g4 Bd7 33. Rc7 Kf6 34.
Rb7 Kg5 35. Rxb6 h4 36. b5 Kf4 37. Rf6+ Kg3 38. Rxf7 Rd1 39. Rxd7 Rxd7 40. Be2
Kxh3 41. Kf2 g5 42. Ke3 Kg3 43. Bc4 h3 44. b6 Rb7 45. Bd5 Rxb6 0-1

[Event "Titled Tue 24th Jun Late"]
[Site "chess.com INT"]
[Date "2025.06.24"]
[Round "11"]
[White "Kobalia, Mikhail"]
[Black "Al-Tarboush, Ward"]
[Result "1-0"]
[WhiteTitle "GM"]
[BlackTitle "FM"]
[WhiteElo "2538"]
[BlackElo "2223"]
[WhiteFideId "4119150"]
[BlackFideId "7601450"]
[EventDate "2025.06.24"]

1. c4 c5 2. Nc3 Nc6 3. g3 g6 4. Bg2 Bg7 5. e3 e5 6. Nge2 d6 7. a3 Nge7 8. Rb1 a5
9. O-O O-O 10. d3 Rb8 11. Nd5 b5 12. cxb5 Rxb5 13. Qa4 Ba6 14. Bd2 Qb8 15. Qc2
Rc8 16. Nec3 Rb7 17. f4 c4 18. Nxe7+ Rxe7 19. Nd5 Rb7 20. dxc4 exf4 21. Bc3 Bxc4
22. Rxf4 Bb3 23. Qd2 Ne5 24. Nf6+ Bxf6 25. Rxf6 Rb6 26. Rbf1 Be6 27. Bd5 Re8 28.
Bxe6 Rxe6 29. Rxe6 fxe6 30. Bxe5 dxe5 31. Qd7 Rb7 32. Qxe6+ Kh8 33. Rf2 a4 34.
h4 Rg7 35. Rc2 Rg8 36. Qf6+ Rg7 37. Rd2 1-0

[Event "Titled Tue 24th Jun Late"]
[Site "chess.com INT"]
[Date "2025.06.24"]
[Round "11"]
[White "Foldes, Marton Gabor"]
[Black "Playa, Marcelo"]
[Result "1-0"]
[WhiteTitle "FM"]
[BlackTitle "IM"]
[WhiteElo "2295"]
[BlackElo "2376"]
[WhiteFideId "794708"]
[BlackFideId "102202"]
[EventDate "2025.06.24"]

1. Nc3 e6 2. d4 d5 3. Bf4 Nf6 4. Nf3 Bd6 5. e3 Bxf4 6. exf4 O-O 7. Bd3 Qd6 8. g3
c5 9. Nb5 Qb6 10. dxc5 Qxc5 11. Nbd4 Nc6 12. O-O Bd7 13. c3 Nxd4 14. Nxd4 Rfe8
15. Qf3 e5 16. fxe5 Rxe5 17. Rfe1 Rae8 18. Rxe5 Rxe5 19. Qf4 Qe7 20. Nf3 Re6 21.
Qb8+ Ne8 22. Qxa7 Qf6 23. Nd4 Re7 24. Qxb7 Bf5 25. Qb5 Bh3 26. a4 g6 27. a5 Nd6
28. Qb8+ Kg7 29. a6 Nf5 30. Bxf5 gxf5 31. a7 Re5 32. a8=Q Qe7 33. Qh8+ Kh6 34.
Qaf8+ 1-0

[Event "Titled Tue 24th Jun Late"]
[Site "chess.com INT"]
[Date "2025.06.24"]
[Round "11"]
[White "Fikiet, Alex"]
[Black "Alvarez, Leandro"]
[Result "1-0"]
[WhiteElo "2151"]
[BlackElo "2143"]
[WhiteFideId "2052717"]
[BlackFideId "132756"]
[EventDate "2025.06.24"]

1. e4 d6 2. d4 Nf6 3. Nc3 g6 4. f4 Bg7 5. Nf3 c5 6. dxc5 Qa5 7. Bb5+ Bd7 8. Bd3
Qxc5 9. Qe2 O-O 10. a3 Bg4 11. Be3 Qh5 12. O-O Nc6 13. h3 Bxf3 14. Qxf3 Qxf3 15.
Rxf3 Nd7 16. Nd5 e6 17. Nc3 Nc5 18. Rd1 Nd4 19. Rf2 Rac8 20. Bf1 e5 21. Nd5 Rfe8
22. c3 Ndb3 23. Bc4 Na5 24. Bxc5 Nxc4 25. Bxa7 exf4 26. Rxf4 Nxb2 27. Rb1 Nd3
28. Rf3 Ne5 29. Rff1 Nc6 30. Rxb7 Nxa7 31. Rfxf7 Bxc3 32. Nxc3 Rxc3 33. Rg7+ Kh8
34. Rxh7+ Kg8 35. Rbg7+ Kf8 36. Rxa7 Kg8 37. Rhg7+ Kf8 38. Raf7# 1-0

[Event "Titled Tue 24th Jun Late"]
[Site "chess.com INT"]
[Date "2025.06.24"]
[Round "11"]
[White "Yao, Hanchi"]
[Black "Goncharov, Vladimir"]
[Result "1-0"]
[WhiteElo "2129"]
[BlackElo "2077"]
[WhiteFideId "30957397"]
[BlackFideId "34162256"]
[EventDate "2025.06.24"]

1. d4 Nf6 2. c4 e6 3. Nc3 Bb4 4. Qc2 O-O 5. e4 d5 6. e5 Ne4 7. Bd3 c5 8. Nf3 Nc6
9. O-O cxd4 10. Nxe4 dxe4 11. Bxe4 h6 12. a3 Be7 13. Rd1 Qc7 14. Bxc6 Qxc6 15.
Nxd4 Qc5 16. Bf4 a5 17. Qc3 Bd7 18. Rd3 Rfd8 19. Rad1 Be8 20. Rg3 Kh8 21. Qe3
Bf8 22. Rh3 Kh7 23. g4 Qxc4 24. g5 Bc6 25. gxh6 g6 26. Bg5 Rd5 27. Qf4 Rd7 28.
Rc3 Qd5 29. f3 Rc8 30. Kf2 Bc5 31. Rcd3 Ba7 32. Kg3 Qc5 33. Nxc6 Qf2+ 34. Kh3 1-0

[Event "Titled Tue 24th Jun Late"]
[Site "chess.com INT"]
[Date "2025.06.24"]
[Round "11"]
[White "Melillo, Lucius"]
[Black "Zeliantsova, Kseniya"]
[Result "0-1"]
[WhiteTitle "FM"]
[BlackTitle "WFM"]
[WhiteElo "2170"]
[BlackElo "2062"]
[WhiteFideId "30958245"]
[BlackFideId "13512617"]
[EventDate "2025.06.24"]

1. d4 Nf6 2. Bf4 g6 3. Nc3 Bg7 4. e4 d6 5. Qd2 O-O 6. O-O-O c6 7. h4 Qa5 8. Bh6
b5 9. a3 b4 10. axb4 Qa1+ 11. Nb1 Nxe4 12. Qf4 Bxh6 13. Qxh6 Nxf2 14. Nf3 f6 15.
Bd3 Rf7 16. h5 g5 17. Bg6 Rg7 18. Nxg5 Ng4 19. Bxh7+ Kf8 20. Ne6+ Bxe6 21. Qf4
Rxh7 22. Qe4 Bg8 23. Qxg4 Na6 24. Rd3 Nxb4 25. Ra3 Na2+ 26. Kd2 Qxb2 27. h6 Nb4
28. Rc3 Nd5 29. Rb3 Qa2 30. Rhh3 Qa5+ 31. Kd1 Bf7 32. Rbg3 Ke8 0-1

[Event "Titled Tue 24th Jun Late"]
[Site "chess.com INT"]
[Date "2025.06.24"]
[Round "11"]
[White "Haddouche, Mohamed"]
[Black "Holinka, Henning"]
[Result "0-1"]
[WhiteTitle "GM"]
[BlackTitle "FM"]
[WhiteElo "2490"]
[BlackElo "2303"]
[WhiteFideId "7900660"]
[BlackFideId "12967084"]
[EventDate "2025.06.24"]

1. e4 c5 2. Nf3 e6 3. Nc3 a6 4. g3 b5 5. Bg2 Bb7 6. d4 cxd4 7. Nxd4 Nf6 8. a3 b4
9. axb4 Bxb4 10. Qe2 d5 11. O-O O-O 12. e5 Bxc3 13. bxc3 Ne4 14. Ba3 Re8 15. c4
Qb6 16. Qe3 Nc6 17. c5 Qc7 18. Rab1 Qxe5 19. Rfd1 Nxd4 20. Rxd4 Qc7 21. Bxe4
dxe4 22. Rd6 Bd5 23. Qd4 Rab8 24. Rd1 f6 25. c4 Ba8 26. Rd7 Qe5 27. Qe3 Rf8 28.
c6 Rfc8 0-1